LEADER 00896nam0-22003251--450- 001 990006031390403321 005 20070924095327.0 035 $a000603139 035 $aFED01000603139 035 $a(Aleph)000603139FED01 035 $a000603139 100 $a20000112d1987----km-y0itay50------ba 101 0 $aita 102 $aIT 105 $ay-------001yy 200 1 $aSisto V un grande papa tra Rinascimento e Barocco$fItalo De Feo. 210 $aMilano$cMursia$d1987 215 $a214 p.$d21 cm 225 1 $aStoria e documenti$v75 676 $a262 700 1$aDe Feo,$bItalo$f<1912-1985>$0203881 801 0$aIT$bUNINA$gRICA$2UNIMARC 901 $aBK 912 $a990006031390403321 952 $aIII L 280$b4265*$fFGBC 952 $aSDI-KE 399$b699$fSDI 959 $aFGBC 959 $aSDI 996 $aSisto V un grande papa tra Rinascimento e Barocco$9579834 997 $aUNINA LEADER 01097nam 2200289Ia 450 001 996387255403316 005 20221108082856.0 035 $a(CKB)1000000000631408 035 $a(EEBO)2248499118 035 $a(OCoLC)13660199 035 $a(EXLCZ)991000000000631408 100 $a19860530d1663 uy | 101 0 $aeng 135 $aurbn||||a|bb| 200 04$aThe Royal remembrancer, or, A Healing letter$b[electronic resource] $ewith arguments and reasons, to the Presbyterians and nonconformists : seasonably offered, from divers learned and conforming persons, to the view of Mr. Calamy, Mr. Jenkins, and others 210 $aLondon $cPrinted for Josias Allen$d1663 215 $a8 p 300 $aReproduction of original in the Union Theological Seminary Library, New York. 330 $aeebo-0160 607 $aGreat Britain$xChurch history$y17th century 701 $aCalamy$b Edmund$f1600-1666.$01002065 801 1$bEAF 801 2$bWaOLN 906 $aBOOK 912 $a996387255403316 996 $aThe Royal remembrancer, or, A Healing letter$92335965 997 $aUNISA